Formación y capacidad de los maestros rurales para hacer eficaz la acción de la escuela en los pueblos indígenas / (Record no. 123847)

MARC details
000 -LEADER
campo de control de longitud fija 00541nam a2200157 4500
001 - NÚMERO DE CONTROL
campo de control 123847
003 - IDENTIFICADOR DE NÚMERO DE CONTROL
campo de control ES-MaACL
005 - FECHA Y HORA DE LA ÚLTIMA TRANSACCIÓN
campo de control 20230906192244.0
007 - CAMPO FIJO DE DESCRIPCIÓN FÍSICA--INFORMACIÓN GENERAL
campo de control de longitud fija t|
008 - DATOS DE LONGITUD FIJA--INFORMACIÓN GENERAL
campo de control de longitud fija 070214s1935 mx r ||||1| spa d
100 1# - ENTRADA PRINCIPAL--NOMBRE DE PERSONA
Nombre de persona Ramírez, Rafael.
9 (RLIN) 95107
245 10 - MENCIÓN DEL TÍTULO
Título Formación y capacidad de los maestros rurales para hacer eficaz la acción de la escuela en los pueblos indígenas /
Mención de responsabilidad, etc. por Rafael Ramírez.
260 ## - PUBLICACIÓN, DISTRIBUCIÓN, ETC.
Lugar de publicación, distribución, etc. México :
Nombre del editor, distribuidor, etc. [s. n.],
Fecha de publicación, distribución, etc. 1935 (
Fabricante Talleres Gráficos de la Nación)
300 ## - DESCRIPCIÓN FÍSICA
Extensión 7 p. ;
Dimensiones 23 cm.
852 ## - LOCALIZACIÓN
Ubicación ES-MaACL
Número de control de estantería 1818-F-23
Holdings
Estatus retirado Estado de pérdida Estado de daño No para préstamo Colección Biblioteca de origen Biblioteca actual Ubicación en estantería Fecha de adquisición Fuente de adquisición Total de préstamos Signatura topográfica completa Código de barras Visto por última vez Precio de reemplazo Tipo de ítem Koha
        Colección de folletos Biblioteca del Ateneo de Madrid Biblioteca del Ateneo de Madrid Depósito folletos 17/01/2008     1818-F-23 1129031 23/02/2023 23/02/2023 Folleto